000 00446nam a2200181Ia 4500
001 25398
005 20260414151147.0
008 260414t2013||||xx |||||||||||||| ||spa||
041 _aESP
082 _a346.5
_bM564
100 _aMoisset de Espanés, Luis
_eAUT
245 0 _aObligaciones naturales Y deberes morales
_b
260 _c2013
300 _a401 páginas :
_c23 cm.
650 _aDER
654 _aCDE
942 _cLIB
_dJUS
_fJUS
_2ddc
_n
999 _c25398
_d25398